| 000 | 00876cam a22002054a 4500 | ||
|---|---|---|---|
| 999 |
_c58088 _d58088 |
||
| 001 | 12031691 | ||
| 005 | 20210611122015.0 | ||
| 008 | 000606s2000 nyua b 001 0 eng | ||
| 020 | _a9780891283461 | ||
| 041 | _aeng | ||
| 080 | _a376.2 L -88 | ||
| 245 | 0 | 0 |
_aLooking to learn : _bpromoting literacy for students with low vision / _cFrances Mary D'Andrea and Carol Farrenkopf, editors. |
| 264 |
_aNew York : _bAFB Press, _c2000. |
||
| 300 |
_a242 p. : _bill. ; _c25 cm. |
||
| 653 | _aდაბალი მხედველობის მქონე სტუდენტების წიგნიერების განვითარება | ||
| 653 | _aповышение грамотности учащихся с плохим зрением | ||
| 700 | 1 |
_aD'Andrea, Frances Mary, _d1960- _912020 |
|
| 700 | 1 |
_aFarrenkopf, Carol. _912021 |
|
| 942 |
_2udc _cBK |
||